| 000 -CABECERA |
| Longitud fija campo de control |
00521nam a2200157 a 4500 |
| 001 - NÚMERO DE CONTROL |
| Número de control |
2620 |
| 003 - IDENTIFICADOR DEL NÚMERO DE CONTROL |
| Identificador del número de control |
CDMR |
| 005 - FECHA Y HORA DE LA ÚLTIMA TRANSACCIÓN |
| Fecha y hora de la última transacción |
20130320103925.0 |
| 008 - CÓDIGOS DE INFORMACIÓN DE LONGITUD FIJA |
| Códigos de información de longitud fija |
130130s1992||||||||||||||||||||||||||||d |
| 040 ## - FUENTE DE LA CATALOGACIÓN |
| Centro catalogador de origen |
CDMR |
| Lengua de catalogación |
cat |
| Centro transcriptor |
CPC LLEIDA |
| 100 1# - PUNTO DE ACCESO PRINCIPAL-NOMBRE DE PERSONA |
| Nombre de persona |
Stapells Johnson, Victoria |
| 9 (RLIN) |
1960 |
| 245 14 - MENCIÓN DE TÍTULO |
| Título |
Los corsarios de Santo Domingo, 1718-1779 |
| Resto del título |
: un estudio socio-económico |
| Mención de responsabilidad, etc. |
Victoria Stapells Johnson ; traducción: Antonio Rivero Taravillo |
| 260 ## - PUBLICACIÓN, DISTRIBUCIÓN, ETC. (PIE DE IMPRENTA) |
| Lugar de publicación, distribución, etc. |
Lleida |
| Fecha de publicación, distribución, etc. |
1992 |
| Nombre del editor, distribuidor, etc. |
Universitat de Lleida |
| 490 0# - MENCIÓN DE SERIE |
| Mención de serie |
Espai/Temps |
| Designación de volumen o secuencia |
12 |
| 942 ## - ENTRADA DE ELEMENTOS AGREGADOS (KOHA) |
| Koha [por defecto] tipo de item |
Monografies |
| Fuente de clasificaión o esquema |
|